| 000 | 00618nam a2200217 a 4500 | ||
|---|---|---|---|
| 001 | 0859 | ||
| 005 | 20140414132043.0 | ||
| 008 | 040930s19uu xx 00 eng d | ||
| 020 | _a0-02-831095-0 | ||
| 050 |
_aTR 372.4 _bRe314 2000 |
||
| 100 | _aBereiter, Carl | ||
| 245 |
_aReteach (green), level 2 / _cCarl Bereiter, et al. |
||
| 250 | _aTeacher's ed | ||
| 260 |
_aColumbus, Ohio : _bSRA/McGraw-Hill, _c2000. |
||
| 300 | _a218 p. ; cm. | ||
| 440 | _aSRA Open Court Reading, Green | ||
| 526 | _cGrade 2 | ||
| 650 |
_aReading _xStudy and teaching. |
||
| 650 |
_aWriting _xStudy and teaching. |
||
| 999 |
_c113912 _d113912 |
||